Object-oriented design in Java (Record no. 62011)
[ view plain ]
| 000 -LEADER | |
|---|---|
| fixed length control field | 00784nam a22002177a 4500 |
| 003 - CONTROL NUMBER IDENTIFIER | |
| control field | NUST-PNEC |
| 005 - DATE AND TIME OF LATEST TRANSACTION | |
| control field | 20170116180737.0 |
| 008 - FIXED-LENGTH DATA ELEMENTS--GENERAL INFORMATION | |
| fixed length control field | 141127b xxu||||| |||| 00| 0 eng d |
| 020 ## - INTERNATIONAL STANDARD BOOK NUMBER | |
| International Standard Book Number | 8176351857 |
| 020 ## - INTERNATIONAL STANDARD BOOK NUMBER | |
| International Standard Book Number | 9781571691347 |
| 040 ## - CATALOGING SOURCE | |
| Transcribing agency | PNEC |
| 082 ## - DEWEY DECIMAL CLASSIFICATION NUMBER | |
| Classification number | 005.75 STE |
| 100 ## - MAIN ENTRY--PERSONAL NAME | |
| 9 (RLIN) | 1059 |
| Personal name | Gilbert , Stephen |
| 245 ## - TITLE STATEMENT | |
| Title | Object-oriented design in Java |
| Statement of responsibility, etc. | Stephen Gilbert and Bill McCarthy |
| 260 ## - PUBLICATION, DISTRIBUTION, ETC. | |
| Place of publication, distribution, etc. | Corte Madera, CA : |
| Name of publisher, distributor, etc. | Waite Group Press, |
| Date of publication, distribution, etc. | c1998. |
| 300 ## - PHYSICAL DESCRIPTION | |
| Extent | xxii, 731 pages : |
| Other physical details | illustrations ; |
| Dimensions | 24 cm . |
| 500 ## - GENERAL NOTE | |
| General note | Includes Index |
| 650 ## - SUBJECT ADDED ENTRY--TOPICAL TERM | |
| General subdivision | Computer, MIS |
| 856 ## - ELECTRONIC LOCATION AND ACCESS | |
| Uniform Resource Identifier | <a href="http://www.amazon.com/MWSS-Object-Oriented-Design-Mitchell-Signature/dp/1571691340/ref=sr_1_1?s=books&ie=UTF8&qid=1417077618&sr=1-1&keywords=OBJECT-ORIENTED+DESIGN+IN+JAVA">http://www.amazon.com/MWSS-Object-Oriented-Design-Mitchell-Signature/dp/1571691340/ref=sr_1_1?s=books&ie=UTF8&qid=1417077618&sr=1-1&keywords=OBJECT-ORIENTED+DESIGN+IN+JAVA</a> |
| 942 ## - ADDED ENTRY ELEMENTS (KOHA) | |
| Source of classification or shelving scheme | |
| Koha item type | Book |
| Withdrawn status | Lost status | Source of classification or shelving scheme | Damaged status | Not for loan | Permanent Location | Current Location | Shelving location | Date acquired | Source of acquisition | Cost, normal purchase price | Total Checkouts | Full call number | Barcode | Date last seen | Cost, replacement price | Price effective from | Koha item type |
|---|---|---|---|---|---|---|---|---|---|---|---|---|---|---|---|---|---|
| Pakistan Navy Engineering College (PNEC) | Pakistan Navy Engineering College (PNEC) | 10/02/2000 | NUST Recurring A/c | 465.00 | 005.75 STE | PNECLIB-023115 | 11/27/2014 | 465.00 | 10/02/2000 | Book |
